00197nam a2200085Ia 4500008004100000041000800041100001600049245003700065260000900102230508s1985 xx 000 0 und d aeng aHOUGEN O.A. aCHEMICAL PROCESS PRINCIPLES P.I. c1985